[Event "Barcelona Sant Marti op 7th"]
[Site "Barcelona"]
[Date "2018.01.25"]
[Round "3"]
[White "Masferrer Andreu, Josep Miquel"]
[Black "Montoro Rueda, Raul"]
[Result "1-0"]
[WhiteElo "1696"]
[BlackElo "1731"]
[PlyCount "87"]
[EventDate "2018.01.11"]
[EventType "swiss"]
[EventRounds "9"]
[EventCountry "ESP"]
[SourceTitle "EXT 2019"]
[Source "ChessBase"]
[SourceDate "2018.10.10"]
[SourceVersion "1"]
[SourceVersionDate "2018.10.10"]
[SourceQuality "1"]

1. d4 d5 2. Nf3 Nc6 3. Bf4 Bf5 4. c3 Nf6 5. e3 e6 6. Nbd2 Bd6 7. Bg3 0-0 8. Be2 a6 9. Nf1 Re8 10. Bxd6 cxd6 11. Ng3 Bg6 12. 0-0 h6 13. Bd3 Bxd3 14. Qxd3 e5 15. dxe5 dxe5 16. Qc2 Qc7 17. Rac1 b5 18. h3 e4 19. Nd4 g6 20. Nxc6 Qxc6 21. Ne2 Rac8 22. Nd4 Qd6 23. Qd1 Kg7 24. Ne2 Nd7 25. Nf4 Nf6 26. Qb3 g5 27. Ne2 Nd7 28. Rcd1 Nf6 29. Rd4 Rc4 30. Rfd1 Rd8 31. R1d2 Rc5 32. Qd1 Qe5 33. Ng3 Rc4 34. Nh5+ Nxh5 35. Qxh5 Rxd4 36. Rxd4 a5 37. Qd1 Rd6 38. Qb3 Qe6 39. Qxb5 Rb6 40. Qe2 Qc6 41. Rd2 a4 42. a3 Rb5 43. Rd4 Qa8 44. Qxb5 1-0

[Event "Barcelona Sant Marti op 7th"]
[Site "Barcelona"]
[Date "2018.01.18"]
[Round "2"]
[White "Montoro Rueda, Raul"]
[Black "Tortosa Moros, Joan"]
[Result "0-1"]
[WhiteElo "1731"]
[BlackElo "1638"]
[PlyCount "86"]
[EventDate "2018.01.11"]
[EventType "swiss"]
[EventRounds "9"]
[EventCountry "ESP"]
[SourceTitle "EXT 2019"]
[Source "ChessBase"]
[SourceDate "2018.10.10"]
[SourceVersion "1"]
[SourceVersionDate "2018.10.10"]
[SourceQuality "1"]

1. e4 c5 2. Nf3 Nc6 3. Bc4 e6 4. d4 cxd4 5. Nxd4 Qb6 6. Nb3 Qb4+ 7. N3d2 Nf6 8. Nc3 a6 9. Bb3 Be7 10. 0-0 0-0 11. Re1 Qc5 12. Nf3 Ng4 13. Qe2 Qh5 14. Bf4 Bc5 15. Nd1 e5 16. Bg3 d6 17. c3 Ne7 18. h3 Nf6 19. Qd3 Qg6 20. Kf1 Nh5 21. Nh4 Qf6 22. Qf3 Qxf3 23. Nxf3 Nxg3+ 24. fxg3 b5 25. Ne3 Bb7 26. Ng4 a5 27. Nf2 a4 28. Bc2 f5 29. Ke2 f4 30. gxf4 Bxf2 31. Kxf2 Rxf4 32. Kg1 Raf8 33. Rad1 R8f6 34. Rd2 Rg6 35. Kh1 Rgf6 36. a3 Nc8 37. Bb1 Nb6 38. Ba2+ Kf8 39. Kg1 Bxe4 40. Ng5 Bf5 41. g3 Nc4 42. gxf4 Nxd2 43. fxe5 Rg6 0-1

[Event "Barcelona Sant Marti op-B 16th"]
[Site "Barcelona"]
[Date "2014.07.21"]
[Round "9"]
[White "Avila Lopez, Joan"]
[Black "Montoro Rueda, Raul"]
[Result "1-0"]
[WhiteElo "1704"]
[BlackElo "1775"]
[PlyCount "83"]
[EventDate "2014.07.13"]
[EventType "swiss"]
[EventRounds "9"]
[EventCountry "ESP"]
[SourceTitle "CBM 161 Extra"]
[Source "ChessBase"]
[SourceDate "2014.08.29"]
[SourceVersion "1"]
[SourceVersionDate "2014.08.29"]
[SourceQuality "1"]

1. d4 Nf6 2. Bf4 e6 3. e3 d5 4. Nf3 Nbd7 5. Bd3 c5 6. c4 dxc4 7. Bxc4 Nb6 8. Qc1 Bd6 9. Bb5+ Ke7 10. Bxd6+ Qxd6 11. dxc5 Qd5 12. 0-0 Nbd7 13. b4 Ne5 14. Nc3 Nxf3+ 15. gxf3 Qxf3 16. Re1 Ng4 17. Qc2 h5 18. Qe2 Qf6 19. Ne4 Qe5 20. Ng3 Nxh2 21. f4 Qf6 22. Qxh2 h4 23. Ne4 Qg6+ 24. Qg2 Qh7 25. Ng5 Qf5 26. Be2 Rh6 27. Bg4 Qd3 28. Rad1 Qb5 29. Qd2 Bd7 30. Be2 Qa4 31. Qd6+ Ke8 32. Rd2 Bb5 33. Qc7 Rf6 34. Qxb7 Bc6 35. Qc7 a6 36. Red1 Kf8 37. Nh7+ Kg8 38. Nxf6+ gxf6 39. Bh5 Rf8 40. Rd6 Bd5 41. Rd8 Qxd1+ 42. Bxd1 1-0

[Event "Barcelona Sant Marti op-B 16th"]
[Site "Barcelona"]
[Date "2014.07.18"]
[Round "6"]
[White "Montoro Rueda, Raul"]
[Black "Muratet Carmona, Alexandra"]
[Result "0-1"]
[WhiteElo "1775"]
[BlackElo "1901"]
[PlyCount "40"]
[EventDate "2014.07.13"]
[EventType "swiss"]
[EventRounds "9"]
[EventCountry "ESP"]
[SourceTitle "CBM 161 Extra"]
[Source "ChessBase"]
[SourceDate "2014.08.29"]
[SourceVersion "1"]
[SourceVersionDate "2014.08.29"]
[SourceQuality "1"]

1. Nf3 d5 2. d4 Nf6 3. Nc3 Bf5 4. e3 Nbd7 5. g3 c6 6. a3 Qc7 7. Bg2 e5 8. dxe5 Nxe5 9. 0-0 Bd6 10. Qe2 0-0 11. Nd4 Bg6 12. Na2 Rfe8 13. Bd2 a6 14. Bc3 Ne4 15. Be1 c5 16. Nf3 Bh5 17. c3 Ng5 18. Qd1 Bxf3 19. Bxf3 Nexf3+ 20. Kg2 Qd7 0-1

[Event "Barcelona Sant Marti op-B 16th"]
[Site "Barcelona"]
[Date "2014.07.14"]
[Round "2"]
[White "Montoro Rueda, Raul"]
[Black "Domenche Redondo, Francesco"]
[Result "0-1"]
[WhiteElo "1775"]
[BlackElo "1906"]
[PlyCount "90"]
[EventDate "2014.07.13"]
[EventType "swiss"]
[EventRounds "9"]
[EventCountry "ESP"]
[SourceTitle "CBM 161 Extra"]
[Source "ChessBase"]
[SourceDate "2014.08.29"]
[SourceVersion "1"]
[SourceVersionDate "2014.08.29"]
[SourceQuality "1"]

1. e4 e5 2. Nf3 Nf6 3. Nc3 Nc6 4. Bc4 Bc5 5. d3 h6 6. Bd2 d6 7. a3 a6 8. Ne2 0-0 9. c3 Na5 10. Qc2 Nxc4 11. dxc4 c6 12. Ng3 Be6 13. h3 Re8 14. Qc1 Kh7 15. 0-0 Qe7 16. Re1 Ng8 17. Re2 g6 18. Kh2 Rad8 19. Be3 Bxe3 20. Qxe3 Nf6 21. Rd1 Bc8 22. Red2 Qc7 23. Nf1 Nh5 24. g3 f5 25. Rd3 f4 26. Qe2 Qe7 27. Ng1 Rf8 28. Nd2 Be6 29. g4 Nf6 30. Ngf3 g5 31. Ne1 Kg7 32. Ndf3 Rh8 33. Kg1 Bc8 34. Ng2 Ne8 35. Nh2 Qf7 36. f3 h5 37. Nf1 hxg4 38. hxg4 Qf6 39. Kf2 Rh1 40. Nd2 Qh6 41. Rg1 Rh2 42. Qf1 Qh3 43. Ke2 Nf6 44. Qf2 Qh8 45. Kd1 Rh1 0-1